Welcome to the Holygrace Academy Library

Please use search bar below to get started

PANCHTHANDR (Record no. 4524)

MARC details
000 -LEADER
fixed length control field 00218nam a22001097a 4500
082 ## - DEWEY DECIMAL CLASSIFICATION NUMBER
Classification number 474
Item number JOS/P
100 ## - MAIN ENTRY--AUTHOR NAME
Personal name JOSHY YOGESH
245 ## - TITLE STATEMENT
Title PANCHTHANDR
260 ## - PUBLICATION, DISTRIBUTION, ETC. (IMPRINT)
Place of publication MUMBAI
Name of publisher NAVNEET
650 ## - SUBJECT ADDED ENTRY--TOPICAL TERM
Topical Term STORY
Geographic subdivision MUMBAI
942 ## - ADDED ENTRY ELEMENTS (KOHA)
Koha item type Books
Holdings
Withdrawn status Lost status Collection code Home library Current library Shelving location Date acquired Source of acquisition Full call number Accession Number Koha item type
    Fiction Main Library Main Library   10/10/2022 PURCHASE 474 JOS/P 12693 Books